[Event "HUN Team League Csongrad Region 2019–2"]
[Site "Csongrád County"]
[Date "2019.11.24"]
[Round "3.4"]
[White "Torok, Csaba"]
[Black "Havasi, Mate Pal"]
[Result "1-0"]
[WhiteElo "1701"]
[BlackElo "1309"]
[PlyCount "49"]
[EventDate "2019.09.29"]
[WhiteTeam "Vásárhely"]
[BlackTeam "Meritum II."]

1. e4 g6 2. d4 Bg7 3. Nc3 d6 4. Nf3 Nf6 5. h3 O-O 6. Be3 Nbd7 7. Bd3 c5 8. O-O
cxd4 9. Bxd4 b6 10. Bc4 Bb7 11. Bd5 Bxd5 12. Nxd5 Nxe4 13. Re1 Bxd4 14. Nxd4
Ndf6 15. Nc6 Qd7 16. Ncxe7+ Kh8 17. Qd4 Rg8 18. Rxe4 Rg7 19. Qxf6 Re8 20. Rae1
Rf8 21. Nxg6+ hxg6 22. Rh4+ Kg8 23. Ne7+ Qxe7 24. Rxe7 Rc8 25. Rxf7 1-0

[Event "HUN Team League Csongrad Region 2019–2"]
[Site "Csongrád County"]
[Date "2019.11.24"]
[Round "3.4"]
[White "Bene, Zoltan"]
[Black "Havasi, Huba Laszlo"]
[Result "1-0"]
[WhiteElo "1673"]
[BlackElo "1260"]
[PlyCount "75"]
[EventDate "2019.09.29"]
[WhiteTeam "Vásárhely"]
[BlackTeam "Meritum II."]

1. e4 e5 2. Nf3 Nc6 3. Bc4 Nf6 4. d3 Bc5 5. Nc3 d6 6. h3 h6 7. a3 Nd4 8. Nxd4
Bxd4 9. Ne2 c6 10. c3 Bb6 11. O-O d5 12. exd5 cxd5 13. Qa4+ Bd7 14. Bb5 a6 15.
Bxd7+ Qxd7 16. Qxd7+ Nxd7 17. Be3 Bxe3 18. fxe3 Nc5 19. d4 Nb3 20. Rad1 exd4
21. Nxd4 Na5 22. Nf5 g6 23. Nd6+ Kf8 24. Rxf7+ Kg8 25. Rdf1 Rh7 26. Rxh7 Kxh7
27. b4 Nc6 28. Rf7+ Kg8 29. Rxb7 Rd8 30. Nf7 Re8 31. Nxh6+ Kh8 32. Nf7+ Kg8 33.
Nh6+ Kh8 34. Ng4 Rf8 35. Rb6 Nb8 36. Rxg6 Rf7 37. Rd6 Rf8 38. Rxd5 1-0

[Event "HUN Team League Csongrad Region 2019–2"]
[Site "Csongrád County"]
[Date "2019.11.24"]
[Round "3.5"]
[White "Restas, Peter"]
[Black "Varga, Gabor"]
[Result "1-0"]
[WhiteElo "2125"]
[BlackElo "1830"]
[PlyCount "59"]
[EventDate "2019.09.29"]
[WhiteTeam "Makó III."]
[BlackTeam "Meritum III."]

1. c4 c5 2. Nc3 g6 3. g3 Bg7 4. Bg2 Nc6 5. a3 e6 6. Rb1 a5 7. e4 Nge7 8. Nge2
O-O 9. d3 b6 10. Bf4 Ne5 11. O-O Bb7 12. b4 axb4 13. axb4 Bc6 14. Be3 Ng4 15.
Bg5 h6 16. Bxe7 Qxe7 17. b5 Bb7 18. h3 Nf6 19. e5 Bxg2 20. exf6 Bxf6 21. Kxg2
Ra3 22. Rb3 Rfa8 23. Rxa3 Rxa3 24. Qc1 Rb3 25. Qc2 Ra3 26. Qb2 Ra8 27. Ra1 Rxa1
28. Qxa1 d5 29. cxd5 exd5 30. Qa8+ 1-0

[Event "HUN Team League Csongrad Region 2019–2"]
[Site "Csongrád County"]
[Date "2019.11.24"]
[Round "3.5"]
[White "Farkas, Boldizsar"]
[Black "Balassy, Gabor"]
[Result "1/2-1/2"]
[WhiteElo "1665"]
[BlackElo "1828"]
[PlyCount "108"]
[EventDate "2019.09.29"]
[WhiteTeam "Meritum III."]
[BlackTeam "Makó III."]

1. d4 Nf6 2. Bf4 d6 3. e3 g6 4. Nf3 Bg7 5. Bd3 Nbd7 6. Nbd2 O-O 7. O-O Qe8 8.
Bg3 b6 9. c4 Bb7 10. d5 Nc5 11. Bc2 Nh5 12. Rb1 Nxg3 13. hxg3 a5 14. Nb3 Nxb3
15. Bxb3 a4 16. Bc2 a3 17. b3 e5 18. e4 Bc8 19. Nd2 Qe7 20. b4 f5 21. Rb3 Bh6
22. Nb1 Bd7 23. exf5 gxf5 24. Qh5 Qg5 25. Qxg5+ Bxg5 26. b5 Kg7 27. Nxa3 Ra7
28. Bb1 Ra4 29. f4 Bf6 30. fxe5 Bxe5 31. Nc2 Rxc4 32. Ne3 Bd4 33. Kh2 Rf6 34.
Nxf5+ Bxf5 35. Bxf5 Rc5 36. g4 Rxd5 37. Rd3 Be5+ 38. Kg1 Rxd3 39. Bxd3 Bd4+ 40.
Kh2 Be5+ 41. Kg1 Bd4+ 42. Kh2 Rxf1 43. Bxf1 Kf6 44. Kg3 Ke5 45. Kf3 h6 46. Bd3
Bb2 47. a4 Bc1 48. Bf1 Kd4 49. Ke2 Kc3 50. Kd1 Bg5 51. Ke1 Kc2 52. Kf2 d5 53.
Be2 Bc1 54. Bf1 Bg5 1/2-1/2

[Event "HUN Team League Csongrad Region 2019–2"]
[Site "Csongrád County"]
[Date "2019.11.24"]
[Round "3.5"]
[White "Csibor, Andras"]
[Black "Filep, Miklos Sr."]
[Result "1/2-1/2"]
[WhiteElo "1813"]
[BlackElo "1533"]
[PlyCount "35"]
[EventDate "2019.09.29"]
[WhiteTeam "Makó III."]
[BlackTeam "Meritum III."]

1. d4 f5 2. c4 Nf6 3. Nc3 b6 4. Qc2 e6 5. e4 fxe4 6. Nxe4 Bb7 7. f3 Bb4+ 8. Bd2
Bxd2+ 9. Nxd2 O-O 10. Bd3 Nc6 11. Ne2 Nb4 12. Qc3 Nxd3+ 13. Qxd3 Qe7 14. O-O
Rad8 15. Rad1 c5 16. dxc5 Qxc5+ 17. Qd4 Qxd4+ 18. Nxd4 1/2-1/2

[Event "HUN Team League Csongrad Region 2019–2"]
[Site "Csongrád County"]
[Date "2019.11.24"]
[Round "3.5"]
[White "Lauko, Denes"]
[Black "Jakso, Abel"]
[Result "1-0"]
[WhiteElo "1427"]
[BlackElo "1514"]
[PlyCount "64"]
[EventDate "2019.09.29"]
[WhiteTeam "Meritum III."]
[BlackTeam "Makó III."]

1. e4 g6 2. d4 Bg7 3. Nf3 c5 4. Be3 Nf6 5. Nbd2 cxd4 6. Nxd4 Nc6 7. c3 O-O 8.
Be2 d5 9. Qc2 Ng4 10. Bxg4 Bxg4 11. h3 Bc8 12. O-O dxe4 13. Nxc6 bxc6 14. Qxe4
Qd5 15. Qxe7 Bf5 16. Qc5 Qd7 17. Nf3 Rfe8 18. Rad1 Qc8 19. Rfe1 Be4 20. Nh2 Rb8
21. b4 Rb5 22. Qc4 Rh5 23. f3 Bd5 24. Qd3 Be5 25. Ng4 Bg7 26. c4 Be6 27. Bd4
Rd8 28. Qc3 Bxd4+ 29. Rxd4 Bxg4 30. Rxd8+ Qxd8 31. fxg4 Rg5 32. Qe3 Qc7 1-0

[Event "HUN Team League Csongrad Region 2019–2"]
[Site "Csongrád County"]
[Date "2019.11.24"]
[Round "3.5"]
[White "Kralik, Attila"]
[Black "Fulop, Csilla"]
[Result "1-0"]
[WhiteElo "1685"]
[BlackElo "1466"]
[PlyCount "53"]
[EventDate "2019.09.29"]
[WhiteTeam "Makó III."]
[BlackTeam "Meritum III."]

1. Nf3 d5 2. g3 Nf6 3. Bg2 Nc6 4. d3 g6 5. O-O Bg7 6. Nbd2 Bf5 7. Nh4 Bg4 8. h3
Be6 9. c3 Qd7 10. Kh2 h5 11. f4 O-O-O 12. Nb3 b6 13. a4 a5 14. Nd4 Nxd4 15.
cxd4 Ne8 16. e3 Nd6 17. Nf3 f6 18. b4 Nb7 19. Bd2 Bg4 20. Qc2 e5 21. Rab1 Bxf3
22. Bxf3 exd4 23. bxa5 bxa5 24. Qb3 Qc6 25. Rfc1 Qa6 26. Bxd5 Rxd5 27. Qxd5 1-0

[Event "HUN Team League Csongrad Region 2019–2"]
[Site "Csongrád County"]
[Date "2019.11.24"]
[Round "3.5"]
[White "Varga, Szilvia"]
[Black "Szekeres, Mihaly"]
[Result "0-1"]
[WhiteElo "1428"]
[BlackElo "1675"]
[PlyCount "72"]
[EventDate "2019.09.29"]
[WhiteTeam "Meritum III."]
[BlackTeam "Makó III."]

1. e4 c5 2. Nf3 a6 3. Nc3 d6 4. d4 cxd4 5. Nxd4 e6 6. Bc4 Qc7 7. Bb3 Bd7 8. O-O
Nf6 9. Re1 Be7 10. Nf3 Nc6 11. Qe2 O-O 12. e5 Ne8 13. exd6 Bxd6 14. Ne4 Be7 15.
Be3 Na5 16. Qd3 Bb5 17. Qc3 Nc6 18. Bc5 a5 19. Bxe7 Qxe7 20. Nd4 Nxd4 21. Qxd4
a4 22. Bc4 Rd8 23. Qc3 Rc8 24. b3 Bxc4 25. bxc4 Qc7 26. Nd2 Nd6 27. Qb4 Nxc4
28. Nxc4 Qxc4 29. Qxb7 Qxc2 30. Qe4 g6 31. h3 Rfd8 32. Qf4 a3 33. Qb4 Qb2 34.
Reb1 Qxb4 35. Rxb4 Rc2 36. Rb3 Rdd2 0-1

[Event "HUN Team League Csongrad Region 2019–2"]
[Site "Csongrád County"]
[Date "2019.11.24"]
[Round "3.5"]
[White "Vizhanyo Gyomorei, Jozsef"]
[Black "Kantor, Robert"]
[Result "1-0"]
[WhiteElo "1523"]
[BlackElo "1486"]
[PlyCount "139"]
[EventDate "2019.09.29"]
[WhiteTeam "Makó III."]
[BlackTeam "Meritum III."]

1. d4 Nf6 2. c4 e6 3. a3 c5 4. d5 exd5 5. cxd5 d6 6. Nc3 Bf5 7. e4 Nxe4 8. Nxe4
Bxe4 9. Qa4+ Nd7 10. Qxe4+ Be7 11. Bd3 Nf6 12. Bb5+ Nd7 13. Bxd7+ Qxd7 14. Nf3
O-O 15. O-O Bf6 16. Bg5 Bxb2 17. Ra2 Rfe8 18. Qh4 Be5 19. a4 f6 20. Be3 g5 21.
Qc4 Qf5 22. Nxe5 Rxe5 23. a5 Re4 24. Qb3 Rb4 25. Qc3 Qxd5 26. Rd2 Qe6 27. Rxd6
Qxd6 28. Bxc5 Qe6 29. Qxb4 b6 30. axb6 axb6 31. Qxb6 Qe5 32. Bd4 Rb8 33. Qxf6
Qxf6 34. Bxf6 g4 35. Be5 Re8 36. Bg3 h5 37. h3 gxh3 38. gxh3 Kf7 39. Kh2 Re2
40. Kg2 Re6 41. f4 Rg6 42. h4 Re6 43. Re1 Rc6 44. Kf3 Rc3+ 45. Re3 Rc4 46. Re5
Rc3+ 47. Kg2 Kg6 48. Rg5+ Kh6 49. f5 Rc5 50. f6 Rc6 51. f7 Rf6 52. Rg8 Rxf7 53.
Be5 Rf5 54. Bg3 Kh7 55. Rg5 Rf7 56. Rxh5+ Kg6 57. Rg5+ Kh6 58. Kh3 Rf3 59. Kg4
Rf1 60. Rf5 Rg1 61. Rf2 Rh1 62. Rh2 Rg1 63. Kf3 Rf1+ 64. Rf2 Rg1 65. Kg4 Rh1
66. Rf6+ Kg7 67. Be5 Rg1+ 68. Kh5 Kh7 69. Rh6+ Kg8 70. Rg6+ 1-0